Responses for Show #5057 - Tuesday, September 12, 2006

Contestants

[<< previous game]

Nathalie Henderson, a housewife from Baton Rouge, Louisiana

Timothy Benston, a program director from Brooklyn, New York

Lauren Hirs, a market research analyst originally from Plano, Texas (whose 1-day cash winnings total $16,601)

[next game >>]

Jeopardy! Round responses

LUNAR LOCALES
SPORTS RECORDS
MARY, QUEEN OF SCOTS, PLAYMATE OF THE MONTH
SLOGANEERING
THE TIME 100
(Alex: The world's most influential people according to the magazine.)
TO CONCL"UDE"?
    $200 13
(Timothy: What is the Sea of Tranquility?)
...
(Alex: Frigoris, frigu, frigid, [*], the Sea of [*].)

Cold

Timothy
Triple Stumper
    $200 1
a no-hitter

Timothy
    $200 2
red

Nathalie
    $200 4
KFC

Lauren
    $200 7
Hillary Rodham Clinton

Nathalie
    $200 14
nude

Timothy
    $400 27
Dreams

Lauren
    $400 23
Wayne Gretzky

Lauren
    $400 3
Elizabeth I

Timothy
    $400 19
Hallmark

Timothy
    $400 8
George Clooney

Timothy
    $400 15
a prude

Timothy
    $600 30
Death

Timothy
    $600 24
(Jerry) Rice

Lauren
    $1,000 5
(Alex: Found it too early. But you can risk up to the maximum value of the clue on the board and that is $1,000.)
(Lauren: I'll go for $1,000, please.)
...
(Alex: [*] is right, and you move into the lead.)

Stuart

Lauren
    $600 20
BMW

Timothy
    $600 9
(John) Roberts

Timothy
    $600 16
crude

Lauren
    $800 29
Rainbows

Nathalie
    $800 26
Cal Ripken (Jr.)

Timothy
    $800 6
Catholicism

Nathalie
    $800 21
Kodak

Nathalie
    $800 10
John McCain

Nathalie
    $800 17
a prelude

Lauren
    $1000 28
the Eastern Sea

Timothy
    $1000 25
(Rocky) Marciano

Lauren
    $1000 12
(Timothy: What is the Tower of London?)
(Nathalie: Uh, what is the gallows?)
(Alex: Nope. Correct response: What is [*], where she was beheaded.)

the scaffold

TimothyNathalie
Triple Stumper
    $1000 22
(Timothy: What is Kmart?)

J.C. Penney

LaurenTimothy
    $1000 11
Elie Wiesel

Timothy
    $1000 18
to allude

Nathalie

Scores at the first commercial break (after clue 15):

Lauren Timothy Nathalie
$1,200 $2,000 $1,000

Scores at the end of the Jeopardy! Round:

Lauren Timothy Nathalie
$6,000 $4,400 $3,600

Double Jeopardy! Round responses

OEDIPUS
WRECKS
WRITERS ON FILM
HISTORICAL PAINTINGS
MARSUPIAL RHYME TIME
AT THE MOZART HOUSE
(Jon: We'll show you the domestic side and the artistry of one of music's great geniuses.)
    $400 7
the Sphinx

Lauren
    $400 24
Henry VIII

Timothy
    $400 1
Truman Capote

Timothy
    $400 16
(Alex: That's correct, the beginning of the French Revolution.)

the storming of the Bastille

Lauren
    $400 4
a kangaroo zoo

Nathalie
    $400 21
The Marriage of Figaro

Lauren
    $800 10
(Alex: Oh, we tricked you on that one. It was killed by [*] himself. Remember, he killed--killed his dad, married his mom. Don't we all?)

Oedipus

Triple Stumper
    $800 25
the Monitor

Lauren
    $800 2
Chaucer

Lauren
    $800 17
the Rhine

Nathalie
    $800 8
a possum blossom

Lauren
    $800 22
250th

Timothy
    $1200 11
Thebes

Nathalie
    $3,000 3
(Alex: Yes! Yes! Way to go, picking it out of thin air! Nicely done.)

Percy Shelley

Lauren
    $1200 18
(Lauren: What is the Alabama?)
...
(Alex: What is [*]? In Hawaii.)

the Arizona

Lauren
Triple Stumper
    $1200 9
a level devil

Nathalie
    $1200 23
Beethoven

Timothy
    $1600 12
(Nathalie: What are [*]ians?... What is [*]?)
(Alex: [*], that's it, yes.)

Corinth

Nathalie
    $1600 27
Talladega

Lauren
    $1600 5
Sylvia Plath

Lauren
    $1600 19
William Penn

Nathalie
    $1600 14
an anteater heater

Lauren
    $1600 29
[The end-of-round signal sounds.]

St. Stephen's Cathedral

Triple Stumper
    $2000 13
Antigone

Lauren
    $2000 26
(Lauren: What is the Bering Sea?)

the Barents Sea

Lauren
Triple Stumper
    $2000 6
Jacqueline Susann

Timothy
    $5,000 20
Martin Luther

Nathalie
    $2000 15
(Alex: [Deadpan] What is [*]? At least they're funny.)

wombat combat

Triple Stumper
    $2000 28
the Masons

Timothy

Scores at the end of the Double Jeopardy! Round:

Lauren Timothy Nathalie
$16,200 $11,200 $15,400

[wagering suggestions for these scores]

Final Jeopardy! Round responses

AMERICANA
TimothyWhat is Montgomery Ala?
$11,100
NathalieWhat is Salem, Mass.?
$15,000
LaurenWhat is Boston?
$14,601
Salem, Massachusetts

Final scores:

Lauren Timothy Nathalie
$1,599 $100 $30,400
2nd place: $2,000 3rd place: $1,000 New champion: $30,400

Game dynamics:

Coryat scores:

Lauren Timothy Nathalie
$14,000 $11,200 $12,400
20 R
(including 2 DDs),
2 W
18 R,
3 W
14 R
(including 1 DD),
1 W

Combined Coryat: $37,600

[game clues] [game scores] [suggest correction]

Game tape date: 2006-08-02
The J! Archive is created by fans, for fans. Scraping, republication, monetization, and malicious use prohibited; this site may use cookies and collect identifying information. See terms. The Jeopardy! game show and all elements thereof, including but not limited to copyright and trademark thereto, are the property of Jeopardy Productions, Inc. and are protected under law. This website is not affiliated with, sponsored by, or operated by Jeopardy Productions, Inc. Join the discussion at JBoard.tv.